| 000 | 00628nam a2200229Ia 4500 | ||
|---|---|---|---|
| 005 | 20260429112020.0 | ||
| 008 | 260429s9999||||xx |||||||||||||| ||und|| | ||
| 020 | _a9781032119632 | ||
| 041 | _aEnglish | ||
| 082 |
_a005.13 _bTOA |
||
| 100 | _aToal, Ray | ||
| 245 | 0 |
_aProgramming language explorations / _cRay Toal |
|
| 250 | _a2nd ed. | ||
| 260 |
_aBoca Raton : _bCRC Press/ Chapman and Hall, _c2024. |
||
| 300 | _axviii, 389 p.; hb | ||
| 650 | _a Computer science | ||
| 650 | _a Software development | ||
| 650 | _aProgramming languages | ||
| 700 | _a Berardini, Marco | ||
| 700 | _a Strieker, Sage | ||
| 942 | _cTB | ||
| 999 |
_c51905 _d51905 |
||